Teoría monetaria

محفوظ في:
التفاصيل البيبلوغرافية
المؤلف الرئيسي: Mundell, Robert A. (autor)
التنسيق: كتاب
اللغة:الإسبانية
منشور في: Buenos Aires Amorrortu 1975
الموضوعات:
الوسوم: إضافة وسم
لا توجد وسوم, كن أول من يضع وسما على هذه التسجيلة!

MARC

LEADER 00000nam a2200000 a 4500
001 UCU2676
003 CL-VaPUC
008 960426e19750000AG |||||||||||||||||spa|d
082 0 4 |a 332.401  |b MUN  |2 21 
100 |a Mundell, Robert A.  |e autor  |9 408889 
245 1 0 |a Teoría monetaria 
300 |a 232 p 
942 |c BK 
945 |d 19960426 00:00:00  |a paguirre 
260 |a Buenos Aires  |b Amorrortu  |c 1975 
650 0 |a Economía   |9 255568 
650 7 |a TEORIAS MONETARIAS  |2 CL-VaPUC  |9 353610 
650 0 |a Mercado monetario  |9 358831 
650 0 |a Inflación   |9 257218 
650 0 |a Política monetaria  |9 258279 
651 0 |a Estados Unidos  |9 255178 
651 0 |a Europa  |9 255156 
583 |a last modification  |c 19960426 00:00:00  |k Rodrigo Vera 
999 |c 246912  |d 246910